000 00802nam a2200217Ia 4500
005 20241129110202.0
008 241129s9999||||xx |||||||||||||| ||und||
020 _a978-93-86336-62-0
037 _aTB
040 _aARTS
_bhin
_cARTS
041 _ahin
_2hin
084 _aY:1:(A).2 152Q7
_qARTS
100 _aव्यास, रवि, ले.
245 0 _aभारतीय संस्कृति की वैज्ञानिक झलक: अद्वैतम्
_cव्यास, रवि, ले.
260 _aनई दिल्ली, भारत
_bहिन्दी साहित्य सदन
_c2016
300 _a293पृ0
365 _aINR
_b300
650 _aSociologyCultureScience
_9727454
942 _cTB
_hY:1:(A).2 152Q7
999 _c1227646
_d1227646